书目信息 |
| 题名: |
建筑砂浆使用手册
|
|
| 作者: | 杨绍林 编 | |
| 分册: | ||
| 出版信息: | 北京 中国建筑工业出版社 2003.01 |
|
| 页数: | 259页 | |
| 开本: | 20cm | |
| 丛书名: | ||
| 单 册: | ||
| 中图分类: | TU521-62 | |
| 科图分类: | ||
| 主题词: | 建筑材料:非金属材料 | |
| 电子资源: | ||
| ISBN: | 7-112-05537-7 | |
| 000 | 00569nam0 2200193 45 | |
| 001 | 0438585371 | |
| 005 | 2004042610430536 | |
| 010 | @a7-112-05537-7@dCNY 13.00 | |
| 100 | @a20040426d2003 km y0chiy0120 ea | |
| 101 | 0 | @achi |
| 102 | @aCN@b110000 | |
| 200 | 1 | @a建筑砂浆使用手册@Ajian zhu sha jiang shi yong shou ce@f杨绍林编@FYang Shao Lin Bian |
| 210 | @a北京@c中国建筑工业出版社@d2003.01 | |
| 215 | @a259页@d20cm | |
| 606 | 0 | @a建筑材料:非金属材料 |
| 690 | @aTU521-62@v3 | |
| 701 | 0 | @a杨绍林@AYang Shao Lin@4编 |
| 801 | 0 | @aCN@bPFT@c20040426 |
| 905 | @dTU521-62@eY263 | |
| 建筑砂浆使用手册/杨绍林编.-北京:中国建筑工业出版社,2003.01 |
| 259页;20cm |
| ISBN 7-112-05537-7:CNY 13.00 |
| ● |
| 相关链接 |
|
|
|
正题名:建筑砂浆使用手册
索取号:TU521-62/Y263
 
预约/预借
| 序号 | 登录号 | 条形码 | 馆藏地/架位号 | 状态 | 备注 |
| 1 | 392728 | 203927288 | 建筑库201/201建筑库 6排4列3层/ [索取号:TU521-62/Y263] | 在馆 | |
| 2 | 392729 | 203927297 | 建筑库201/201建筑库 6排4列3层/ [索取号:TU521-62/Y263] | 在馆 |